[Event "CHI-chT"]
[Site "Santiago de Chile"]
[Date "2012.12.20"]
[Round "9"]
[White "Perez, Enrique"]
[Black "Galaz Quinones, Glem"]
[Result "0-1"]
[WhiteElo "2160"]
[BlackElo "1918"]
[PlyCount "96"]
[EventDate "2012.11.22"]
[EventType "team-tourn"]
[EventRounds "9"]
[EventCountry "CHI"]
[SourceTitle "EXT 2014"]
[Source "ChessBase"]
[SourceDate "2013.11.20"]
[SourceVersion "1"]
[SourceVersionDate "2013.11.20"]
[SourceQuality "1"]

1. e4 c5 2. g3 d6 3. Bg2 g6 4. c3 Bg7 5. Ne2 Nc6 6. 0-0 e6 7. d3 Nge7 8. f4 0-0 9. Be3 Rb8 10. d4 cxd4 11. Nxd4 d5 12. Nxc6 bxc6 13. Qd2 Qc7 14. Bc5 a5 15. e5 Rd8 16. a3 a4 17. Qf2 Rb3 18. Nd2 Rb5 19. Nf3 Qb7 20. g4 Re8 21. Bb4 Bd7 22. Nd4 Rb6 23. Qh4 Bf8 24. Rf3 Qc8 25. Rh3 h6 26. Bxe7 Rxe7 27. Qf6 Re8 28. Qh4 c5 29. Ne2 Rxb2 30. Ng3 Bg7 31. c4 Bc6 32. g5 h5 33. Rf1 dxc4 34. Ne4 Rxg2+ 35. Kxg2 Bxe4+ 36. Kg1 Rd8 37. Qe1 Qc6 38. Re3 Bf5 39. Rf2 Rd3 40. Rb2 Qd7 41. Rxd3 cxd3 42. Qc3 Bf8 43. Kf1 c4 44. Ke1 Qd5 45. Rb8 Qh1+ 46. Kd2 Kg7 47. Rxf8 Qxh2+ 48. Kc1 d2+ 0-1

[Event "CHI-chT"]
[Site "Chile"]
[Date "2010.11.02"]
[Round "3"]
[White "Galaz Quinones, Glem"]
[Black "Caceres Vasquez, Sergio"]
[Result "1/2-1/2"]
[WhiteElo "1842"]
[BlackElo "2176"]
[PlyCount "109"]
[EventDate "2010.10.19"]
[EventType "team"]
[EventRounds "9"]
[EventCountry "CHI"]
[SourceTitle "EXT 2012"]
[Source "ChessBase"]
[SourceDate "2011.11.24"]
[SourceVersion "1"]
[SourceVersionDate "2011.11.24"]
[SourceQuality "1"]

1. e4 c5 2. b3 e6 3. Bb2 d6 4. Bb5+ Bd7 5. Bxd7+ Nxd7 6. f4 Ngf6 7. d3 Be7 8. Ne2 0-0 9. 0-0 d5 10. e5 Ng4 11. Rf3 f6 12. h3 Nh6 13. exf6 Bxf6 14. Bxf6 Qxf6 15. Nbc3 Nf5 16. g4 Nd4 17. Re3 Nxe2+ 18. Nxe2 g5 19. Rf3 gxf4 20. Rxf4 Qe5 21. Rxf8+ Rxf8 22. Qe1 Qe3+ 23. Kg2 Qf3+ 24. Kh2 Ne5 25. Ng1 Qf6 26. Rd1 Ng6 27. Rd2 e5 28. c4 Qd6 29. Kh1 Rf6 30. Rf2 Nf4 31. Qe3 Rh6 32. Kh2 Re6 33. Ne2 Nxe2 34. Rxe2 e4+ 35. Kg2 d4 36. Qg5+ Rg6 37. Qd5+ Qxd5 38. cxd5 exd3 39. Rd2 Rd6 40. Kf3 Rxd5 41. Ke4 Rd7 42. Kxd3 Kf7 43. Rf2+ Ke6 44. Rf5 Kd6 45. b4 b6 46. bxc5+ bxc5 47. Kc4 Rc7 48. Rh5 a5 49. a4 Rb7 50. Rd5+ Ke6 51. Rxc5 Rb4+ 52. Kd3 Rxa4 53. Rh5 Kf6 54. Ke4 Kg6 55. Kd3 1/2-1/2

[Event "CHI-chT"]
[Site "Santiago de Chile"]
[Date "2008.11.25"]
[Round "6"]
[White "Diaz Villagran, Robert"]
[Black "Galaz Quinones, Glem"]
[Result "1-0"]
[WhiteElo "2401"]
[BlackElo "1792"]
[PlyCount "63"]
[EventDate "2008.11.04"]
[EventType "team-tourn"]
[EventRounds "9"]
[EventCountry "CHI"]
[SourceTitle "EXT 2012"]
[Source "ChessBase"]
[SourceDate "2011.11.24"]
[SourceVersion "1"]
[SourceVersionDate "2011.11.24"]
[SourceQuality "1"]

1. e4 b6 2. d4 Bb7 3. Bd3 e6 4. Nf3 c5 5. c3 Nf6 6. Qe2 h6 7. 0-0 Be7 8. e5 Nd5 9. Qe4 Qc8 10. Qg4 Bf8 11. dxc5 Qxc5 12. Nbd2 Nc7 13. Ne4 Bxe4 14. Bxe4 Nc6 15. Be3 Qe7 16. Rad1 g5 17. Bxc6 dxc6 18. Qe4 Nd5 19. c4 Qb4 20. Bd2 Qxb2 21. cxd5 exd5 22. Qa4 Kd7 23. Bc1 Qc3 24. Rxd5+ Kc7 25. Rd2 b5 26. Qg4 Bc5 27. Qd7+ Kb6 28. Bb2 Qb4 29. a3 Qe4 30. Bd4 Rhd8 31. Bxc5+ Kxc5 32. Qe7+ 1-0